000 00639pab a2200205 454500
008 180718b2007 xxu||||| |||| 00| 0 eng d
100 _aMosca, Michele
245 _aRelational goods, monitoring and non-pecuniary compensations in the nonprofit sector: the case of the Italian social services
260 _c2007
300 _ap.57-86.
362 _aMar
650 _aSocial services - Italy
650 _aNonprofit organizations - Italy
650 _aNonprofit organizations
700 _aPastore, Francesco
700 _aMusella, Marco
773 _aAnnals of Public and Cooperative Economics
908 _aN
909 _a74809
999 _c74809
_d74809